Military Jets By Picture - Statistics

General Stats
  • This quiz has been taken 75 times
    71 since last reset
  • The average score is 31 of 66
Answer Stats
Picture Answer % Correct
F-22A Raptor
98%
F-35 Lighting
98%
F-16 Viper
95%
B-2 Spirit
89%
F-14 Tomcat
89%
F-15 Eagle
89%
A-10 Warthog
85%
F-18 Hornet
85%
F-4E Phantom II
84%
SR-71 Blackbird
84%
F-117 Nighthawk
82%
B-52 Stratofortress
78%
B-1 Lancer
76%
Eurofighter Typhoon
75%
AV-8B Harrier
73%
F-5 Freedom Fighter/Tiger II
69%
Su-57 Felon
69%
F-104 Starfighter
64%
F-111 Aardvark
64%
Dassault Rafale
62%
F-86 Sabre
60%
U-2 Dragon Lady
60%
Su-27S Flanker-B
56%
B-21 Raider
53%
MiG-21 Fishbed
51%
Panavia Tornado
49%
MiG-15 Fagot
47%
Su-33S Flanker-N
47%
MiG-17 Fresco
45%
MiG-23 Flogger
45%
MiG-29S Fulcrum-C
44%
Su-30SM Flanker-H
44%
J-20 Mighty Dragon
42%
JAS-39 Gripen
42%
MiG-25 Foxbat
42%
F-106 Delta Dart
40%
Boeing F-47 NGAD
38%
MiG-19P Farmer
38%
A-4 Skyhawk
36%
J-10 Firebird
36%
MiG-31 Foxhound
36%
Su-35S Flanker-E
36%
Su-47 Berkut
36%
YF-23 Black Widow II
36%
E-3 Sentry
35%
Electric Lightning
33%
MiG-35 Fulcrum-F
33%
MD X-36
31%
Yak-141 Freestyle
31%
F-80 Shooting Star
27%
J-11 Flanker-L
27%
Tu-160 Blackjack
27%
JF-17 Thunder
22%
Bell X-1
20%
J-16 Flanker-N
20%
XB-70 Valkyrie
20%
B-58 Hustler
18%
North American X-15
18%
Grumman X-29
13%
V-173 Flying Pancake
13%
Bell X-2
11%
Lockheed Have Blue
9%
MiG Project 1.44
9%
YF-118G Bird of Prey
9%
YF-4E Phantom II
7%
Northrop P-530
4%
No matching quizzes found
Score Distribution
Percent of People with Each Score
Percentile by Number Answered
Your Score History
You have not taken this quiz since the last reset